000
00398nam a22001217a 4500
040
_c
SY
082
_a
630
100
_a
ឃួន អៀង
245
_a
ការប្រៀបធៀបការអនុវត្តន៍កសិកម្មពនេចរ និងកសិកម្មប្រពលវប្បកម្ម
260
_a
RUA
_b
ឃួន
_c
2001
300
_a
120p.
942
_c
KB
999
_c
9317
_d
9317